000 03297cam a22004937a 4500
001 11241820
003 OSt
005 20210923163634.0
006 m d
007 cr n
008 130912s2010 flua sb 001 0 eng d
016 7 _a101552812
_2DNLM
020 _a9781845695095
035 _a(WaSeSS)ssj0000815305
038 _akhadija
040 _aNLM
_beng
_cNLM
_dBTCTA
_dYDXCP
_dEYM
_dUAB
_dBDX
_dOCLCO
_dN5L
_dDLC
_dWaSeSS
042 _anlmcopyc
_alccopycat
050 4 _aRD132
_b.B56 2010
060 0 0 _a2011 B-196
060 1 0 _aQT 37
082 0 4 _a610
_bBIO
210 1 0 _aBIOINTEGRATION OF MEDICAL IMPLANT MATERIALS SCIENCE AND DESIGN
245 0 0 _aBiointegration of medical implant materials
_bscience and design /
_cedited by Chandra P. Sharma.
260 _aBoca Raton :
_bCRC Press ;
_aOxford :
_bWoodhead,
_c2010.
490 1 _aWoodhead publishing in materials
504 _aIncludes bibliographical references and index.
506 _aLicense restrictions may limit access.
520 _aBiointegration is essential for the successful performance of implanted materials and devices within the human body. With an increasing number and wide range of implant procedures being performed, it is critical that materials scientists and engineers effectively design implant materials which will create a positive biological and mechanical response with the host tissue. Biointegration of medical implant materials provides a unique and comprehensive review of recent techniques and research into material and tissue interaction and integration. Part 1 discusses soft tissue biointegration with chapters on the biocompatibility of engineered stem cells, corneal tissue engineering and vascular grafts. Part 2 then reviews particular techniques in drug delivery including inorganic nanoparticles for targeted drug delivery and alginate based drug delivery devices. Part 3 covers design considerations with coverage of themes such as biocompatibility of materials and its relevance to drug delivery and tissue engineering, mechanisms of failure of medical implants during long term use and rapid prototyping in biomedical engineering. With its distinguished editor and team of international contributors, Biointegration of medical implant materials: science and design will be a standard reference for medical materials scientists and engineers in industry and the academic sector.--Back cover.
563 _ahardcover
650 0 _aImplants, Artificial.
_982686
650 0 _aImplants, Artificial
_xDesign and construction.
_982687
650 0 _aBiomedical materials
_xDesign.
_982688
650 0 _aTissue engineering.
_981216
650 1 2 _aBiocompatible Materials.
_981300
650 2 2 _aBiomedical and Dental Materials.
_982689
650 2 2 _aDrug Delivery Systems.
_982690
650 2 2 _aProstheses and Implants.
_982691
700 1 _aSharma, Chandra P.
_982692
773 0 _teBook - Materials and Engineering 2009 - 2011 (Woodhead migration) [EBCWME11]
830 0 _aWoodhead Publishing in materials.
_982693
856 4 0 _uhttp://www.columbia.edu/cgi-bin/cul/resolve?clio11241820
_zFull text available from eBook - Materials and Engineering 2009 - 2011 (Woodhead migration) [EBCWME11]
910 _aLibrary of Congress record
942 _2ddc
_cBK
999 _c32546
_d32546